000 00863 a2200253 4500
999 _c5401
_d5401
005 20181020143632.0
010 _aENG-86838 B-456725-765
020 _c250.00
_a8123748752
035 _aEN-70371 B-456725-765
037 _bDBAD / PUB
037 _bK.K.Pub/Ven
082 _a921
100 _aNarasimhan, V. K.
245 _aKamraj :
_cby V. K. Narasimhan, postscript by V. N. Narayanan
_ba study /
260 _aNew Delhi
_bNational Book Trust
_c2007
270 _aA-5, Green Park,
_bNew Delhi
_e110 016
300 _aviii, 235 p
_c22 cm (Hb)
490 _aNational Biography Series
500 _aIncludes index
700 _aNarasimhan, V. K.
_949961
700 _aNarayanan, V. N.
_949962
942 _adpl
_cEN
_2ddc
_h921
_mKAM